000 00505nam a2200181Ia 4500
005 20250508152021.0
008 008 250505s9999 xx 000 0 eng d
037 _aTextual
040 _aFEDL
_beng
_cFEDL
041 _aeng
_2eng
084 _a371.425, MYE
_qFEDL
100 _aMyers George E
245 0 _aProblem of vocational guidance
260 _aNew York, USA
_bThe Macmillan Company
_c1929
300 _avii,311p.
942 _cTEXL
_h371.425, MYE
999 _c1333642
_d1333642